| 000 | 02438nas a2200541 i 4500 | ||
|---|---|---|---|
| 001 | 196576 | ||
| 003 | ES-MaACL | ||
| 005 | 20260129130056.0 | ||
| 007 | ta | ||
| 008 | 241007c19929999sp ar p z0uuub0spa | ||
| 016 | 7 |
_abiseBNE19930002585 _2SpMaBN |
|
| 017 |
_aM 34032-1992 _bOficina Depósito Legal Madrid |
||
| 022 | 0 |
_a1133-3634 _2_u |
|
| 035 | _a(OCoLC)436465245 | ||
| 035 | _a991028229499708606 | ||
| 035 | _a(SpMaBN)bise0000000146 | ||
| 037 | _bSenda del Rey, s/n, 28040; fax 3986674 | ||
| 040 |
_aSpMaBN _bspa _cSpMaBN _erdc _dES-MaACL |
||
| 080 | _a81'22 | ||
| 080 | _a82.07 | ||
| 130 | 0 |
_aSigna (Madrid) _9239076 |
|
| 210 | 0 |
_aSigna _bMadr. |
|
| 222 | 0 |
_aSigna _bMadrid |
|
| 245 | 1 | 0 |
_aSigna : _brevista de la Asociación Española de Semiótica |
| 260 |
_aMadrid : _bCentro de Investigación de Semiótica Literaria, Teatral y Nuevas Tecnologías ; _bDepartamentos de Literatura Española y Teoría de la Literatura y Filología Francesa, _cD.L. 1992- |
||
| 300 |
_av. ; _c24 cm |
||
| 310 | _aAnual | ||
| 336 |
_2rdacontent _atexto |
||
| 337 |
_2rdamedia _asin mediación |
||
| 338 |
_2rdacarrier _avolumen |
||
| 362 | 0 | _a1 (1992)- | |
| 650 | 7 |
_aSemiótica y literatura _2embne _917043 |
|
| 650 | 4 |
_aSemiótica _2embne _917041 |
|
| 655 | 7 |
_9226866 _aRevistas |
|
| 710 | 2 |
_aAsociación Española de Semiótica. _0(isni)0000000098239036 _9239077 |
|
| 710 | 2 |
_aUniversidad Nacional de Educación a Distancia (España). _bCentro de Investigación de Semiótica Literaria, Teatral y Nuevas Tecnologías _9239078 |
|
| 710 | 2 |
_aUniversidad Nacional de Educación a Distancia (España). _bDepartamento de Literatura Española y Teoría de la Literatura _9239079 |
|
| 710 | 2 |
_aUniversidad Nacional de Educación a Distancia (España). _bDepartamento de Filología Francesa _9239080 |
|
| 776 | 0 | 8 |
_iVersión en línea _tSigna (Madrid. Internet) = _xISSN 2254-9307 _0196578 _w196578 |
| 776 | 0 | 8 |
_iVersión en CD-ROM _tSigna (Madrid. CD-ROM) = _xISSN 2951-8687 _0196577 _w196577 |
| 852 |
_aES-MaACL _cHEM _jHEM-H-509 _hDonación: Editorial _zRevista viva _zCasillero actual: Cº 48 _9204296 |
||
| 856 | 4 | 1 |
_uhttp://www.cervantesvirtual.com/FichaObra.html?Ref=5338 _yVersión en línea |
| 856 | 4 | 1 |
_uhttp://dialnet.unirioja.es/servlet/revista?codigo=1349 _ySumarios de la revista en Dialnet |
| 866 | _o2012-2026- | ||
| 942 |
_2udc _n0 _cPERIODICA |
||
| 955 | _bCarlos Sánchez | ||
| 999 |
_c196576 _d196576 |
||